100 Largest Cities in Bulgaria - Statistics

General Stats
  • This quiz has been taken 642 times
    441 since last reset
  • The average score is 46 of 100
Answers on the Map
Answers color-coded by a green-red scale on the quiz's map according to % correct below.
 
Answer Stats
Population City % Correct
1,183,454 Sofia
98%
310,664 Varna
97%
319,612 Plovdiv
94%
189,741 Burgas
93%
124,787 Ruse
88%
92,101 Pleven
83%
35,784 Vidin
83%
122,536 Stara Zagora
82%
80,467 Sliven
79%
67,971 Shumen
78%
62,534 Blagoevgrad
77%
68,259 Pernik
77%
73,895 Dobrich
76%
58,507 Veliko Tarnovo
76%
37,653 Montana
75%
65,829 Haskovo
74%
50,666 Vratsa
70%
29,107 Razgrad
69%
28,466 Silistra
67%
61,766 Yambol
67%
45,940 Gabrovo
66%
55,716 Pazardzhik
64%
28,767 Lovech
63%
33,401 Targovishte
63%
35,888 Kyustendil
62%
40,659 Kardzhali
61%
25,555 Smolyan
61%
45,943 Asenovgrad
58%
16,842 Lom
58%
24,061 Sandanski
58%
9,062 Bansko
55%
31,994 Dimitrovgrad
55%
11,236 Nesebar
55%
26,435 Petrich
55%
16,836 Nova Zagora
54%
42,208 Kazanlak
52%
19,853 Karlovo
49%
12,329 Pomorie
49%
27,603 Dupnitsa
48%
24,516 Samokov
48%
18,385 Svishtov
48%
9,310 Balchik
47%
26,389 Gorna Oryahovitsa
47%
16,797 Svilengrad
47%
20,258 Velingrad
44%
18,948 Botevgrad
43%
10,507 Kavarna
43%
17,888 Gotse Delchev
42%
15,249 Karnobat
42%
11,072 Kozloduy
41%
17,764 Aytos
40%
17,807 Sevlievo
40%
6,659 Byala
39%
16,003 Harmanli
38%
17,667 Troyan
38%
10,244 Bankya
37%
8,944 Elhovo
37%
11,210 Razlog
37%
12,798 Ihtiman
35%
8,891 Mezdra
35%
7,470 Sopot
35%
7,040 Tutrakan
35%
15,692 Panagyurishte
34%
13,076 Popovo
34%
7,396 Tryavna
34%
11,935 Kostinbrod
33%
13,151 Chirpan
31%
6,600 Elin Pelin
31%
7,195 Momchilgrad
31%
11,921 Radomir
31%
12,870 Peshtera
30%
10,191 Berkovitsa
29%
7,151 Svoge
29%
7,850 Teteven
29%
10,788 Cherven Bryag
28%
7,424 Isperih
28%
7,649 Levski
27%
10,383 Novi Pazar
27%
14,924 Rakovski
27%
13,591 Novi Iskar
26%
7,028 Slivnitsa
26%
7,881 Sredets
25%
7,150 Aksakovo
24%
9,248 Byala Slatina
24%
6,616 Devnya
24%
9,488 Etropole
24%
10,343 Provadia
24%
9,949 Knezha
23%
7,743 Lukovit
23%
11,513 Parvomay
23%
8,589 Pavlikeni
22%
6,590 Pirdop
22%
6,985 Beloslav
20%
7,010 Lyaskovets
20%
10,597 Radnevo
20%
7,062 Galabovo
18%
6,818 Lyubimets
18%
10,028 Stamboliyski
18%
6,997 Rakitovo
17%
7,245 Krichim
14%
No matching quizzes found
Score Distribution
Percent of People with Each Score
Percentile by Number Answered
Your Score History
You have not taken this quiz since the last reset